000 00439nam a2200157 a 4500
001 000046898
005 20201002053208.0
008 180406s2015 000 spa d
020 _a9789945175639
040 _aDO-SdBNP
_bspa
_cBNPHU
082 _axxxx
_bxxxx
245 0 0 _aHola, Jesús 5 primaria :
_breligión católica.
260 _aSanto Domingo :
_bSM,
_c2015.
300 _a127 p. :
_bil. ;
_c28 cm.
590 _aInventariado, 2018/BT
999 _c46387
_d46387